| 000 | 00829nam a2200265Ia 4500 | ||
|---|---|---|---|
| 001 | 3472 | ||
| 005 | 20240113233631.0 | ||
| 007 | ta | ||
| 008 | 170829s1932 ii a g b000 u 465 u | ||
| 020 | _cHB | ||
| 040 | _aCotton College Assam | ||
| 041 | _aeng | ||
| 082 |
_a954.16205 _bBh 469 De |
||
| 100 | _aBhuyan, S K . | ||
| 245 | 0 |
_aDeptt of Historical and Antiquarian Studies, Bulletin No. 1 / _cS K Bhuyan. _hTextual Documents |
|
| 250 | _a1st ed. / | ||
| 260 |
_aAssam : _bDeptt of Historical and Antiquarian Studies, , _c1932. |
||
| 300 |
_a48p. : _bill ; _c24 cm. . |
||
| 500 | _aReport on the Works of the Deptt With a Handlist of Manuscript and Transcripts. | ||
| 504 | _aRemarks. Postscript. | ||
| 653 | _aHistory- Antiquarian Studies | ||
| 942 |
_2ddc _cBK |
||
| 999 |
_c3460 _d3460 |
||